000
00331nam a2200145Ia 4500
100
_a
Watson/ Mark
942
_c
BK
654
_a
Computer
245
_a
Portable user interface Prog in C++ 2nd ed
260
_b
Mc Graw Hill
_a
New york
_c
1995
082
_a
005.262 C++
_b
WAT
300
_a
360
546
_a
ENGLISH
999
_c
26360
_d
26360